000 00936nam a22002657a 4500
999 _c876
_d876
003 AR-CdUCM
008 190225b ||||| |||| 00| 0 spa d
020 _a9506941939
040 _aMUNICIPALIDAD PROVINCIAL DEL CUSCO
_cBIBLIOTECA MUNICIPAL DEL CUSCO
041 _heng.
082 _a327.73 /
_bN64
100 _aNitze, Paul H.
_93359
245 _aDe Hiroshima a la Glasnost :
_bMemorias /
260 _aArgentina :
_bEdit. Latinoamericano SRL,
_c1991.
300 _a467 paginas ;
_c22 cm.
505 _aLa guerra y la herencia de la guerra --La oficina de investigación de bombardeos estratégicos norteamericanos --El plan Marshall --El bloqueo de Berlin ...
650 _aPolítica mundial
_93360
650 _aHistoria
_9136
650 _aRelatos personales
_93361
650 _aTratados
_93362
710 _aAnn M.Smith :
_93363
710 _aSteven L. Rearden
_93364
942 _2ddc
_cLIBROS
945 _arjall
_d2019-02-25